| 000 | 00419nam a2200133Ia 4500 | ||
|---|---|---|---|
| 008 | 170516s9999 xx 000 0 und d | ||
| 245 | _aPre-vascularization Enhances Therapeutic Effects of Human Mesenchymal Stem Cell Sheets in Full Thickness Skin Wound Repair | ||
| 260 | _bTheranostics | ||
| 260 | _c2017 | ||
| 300 | _a7:1 | ||
| 650 | _xMedical Technology | ||
| 650 | _xMedtech | ||
| 856 | _uhttp://www.thno.org/v7i1 | ||
| 999 |
_c330652 _d330652 |
||